La economía de los países socialistas / (Record no. 25189)

MARC details
000 -LEADER
campo de control de longitud fija 00577nam a2200181 i 4500
001 - NÚMERO DE CONTROL
campo de control 25189
003 - IDENTIFICADOR DE NÚMERO DE CONTROL
campo de control ES-MaACL
007 - CAMPO FIJO DE DESCRIPCIÓN FÍSICA--INFORMACIÓN GENERAL
campo de control de longitud fija t|
008 - DATOS DE LONGITUD FIJA--INFORMACIÓN GENERAL
campo de control de longitud fija 021220s1974 sp ||||1| spa d
100 1# - ENTRADA PRINCIPAL--NOMBRE DE PERSONA
Nombre de persona Aponte, Antonio.
9 (RLIN) 22102
245 13 - MENCIÓN DEL TÍTULO
Título La economía de los países socialistas /
Mención de responsabilidad, etc. Antonio Aponte.
260 ## - PUBLICACIÓN, DISTRIBUCIÓN, ETC.
Lugar de publicación, distribución, etc. [Barcelona] :
Nombre del editor, distribuidor, etc. Salvat,
Fecha de publicación, distribución, etc. [1974]
300 ## - DESCRIPCIÓN FÍSICA
Extensión 141 p. :
Otras características físicas il. ;
Dimensiones 20 cm.
490 1# - MENCIÓN DE SERIE
Mención de serie Biblioteca Salvat de grandes temas ;
Designación de volumen o secuencia 31
830 00 - PUNTO DE ACCESO ADICIONAL DE SERIE-TÍTULO UNIFORME
Título uniforme Biblioteca Salvat de grandes temas
Designación de volumen o secuencia 31
9 (RLIN) 220518
852 ## - LOCALIZACIÓN
Ubicación ES-MaACL
Número de control de estantería E-6374
Sublocalización o colección R.90822
Holdings
Estatus retirado Estado de pérdida Estado de daño No para préstamo Biblioteca de origen Biblioteca actual Ubicación en estantería Fecha de adquisición Fuente de adquisición Total de préstamos Signatura topográfica completa Código de barras Visto por última vez Precio de reemplazo Tipo de ítem Koha
        Biblioteca del Ateneo de Madrid Biblioteca del Ateneo de Madrid Depósito 2 17/01/2008     E-6374 1025970 23/02/2023 23/02/2023 Libro impreso